El guardián entre el centeno /

Guardado en:
Autor Principal: Salinger, J.d.
Formato: Libro
Publicado: Madrid : Alianza, 1995
Series:El Libro de Bolsillo
Materias:
Etiquetas: Agregar Etiqueta
Sin Etiquetas, Sea el primero en etiquetar este registro!
LEADER 00560nam a22002055a 4500
001 CEM.cems014083
008 130507s1995##################000#0#####d
005 20210705180809.0
003 CEMS
245 1 0 |a El guardián entre el centeno /  |c J.D. Salinger 
260 |a Madrid :  |b Alianza,  |c 1995 
300 |a 135 p. 
490 0 |a El Libro de Bolsillo 
590 |a 1159.013 
020 |a 8420616893 
100 1 |a Salinger, J.d. 
653 |a Literatura estadounidense 
653 |a Novela 
653 |a Biblioteca TC 
859 |a CEMS  |b BIB. CEMS - 11 de abril  |h TC  |p 1159.013  |t Ej.1